Szabad Földműves Újság gazdasági és érdekvédelmi napilap

Bibliographic Details
New Title:Szabad Újság
Format: Newspaper
Language:Hungarian
PhysicalDescription:116 č. 42 cm
Published: Bratislava Gazda 1991-1991
Subjects:

MARC

LEADER 00000cas a2200000 a 4500
001 vtls001311713
003 SK-MaSNL
005 20260228155652.0
008 990607d19911991xo dr|n 0 0b0hun
035 |a SNK000264095 
040 |a SNK  |b slo  |c SNK  |e AACR2 
041 0 |a hun 
044 |a xo  |c SK 
072 |a 316.7  |x Sociológia kultúry. Kultúrny život  |2 konspekt 
080 |a 050  |2 2001 
080 |a 316.3  |2 2011 
080 |a 32  |2 2011 
080 |a 316.7  |2 2011 
080 |a 314/316(051)  |2 2011 
245 0 0 |a Szabad Földműves Újság  |b gazdasági és érdekvédelmi napilap 
246 1 3 |a Újság 
260 |a Bratislava  |b Gazda  |c 1991-1991 
300 |a 116 č.  |c 42 cm 
310 |a Denne (okrem nedele) 
362 0 |a 1. évf., 1. sz. (1991. febr. 18.)-1. évf., 116 sz. (1991. július 6.) 
650 0 7 |a spoločnosť  |2 SNKPH  |9 1013 
650 0 7 |a politika  |2 SNKPH  |9 968 
650 0 7 |a kultúra  |2 SNKPH  |9 886 
655 7 |a spoločenské časopisy  |2 SNKPH  |9 70515 
785 0 0 |t Szabad Újság  |w vtls001468345 
910 |a snk 
999 |c 149  |d 149 
952 |0 0  |1 0  |4 0  |7 0  |a SNK  |b SNK  |d 2002-05-13  |i snkČSP 4382/91  |l 0  |o snkČSA 1190/1/1991/1  |p 17A0322432  |r 2005-01-02 00:00:00  |t č. 1-36  |w 2026-02-21  |y PREZ